Stille

Bibliographic Details
Main Author: Steinecker, Anton, 1971- (Composer)
Format: CD Audio
Language:Slovak
PhysicalDescription:1 audiodisk 1 brožúra
Published: Bratislava Hudobný fond 2022

MARC

LEADER 00000njm a2200000 4500
001 vtls012152652
003 SK-MaSNL
005 20260331212043.0
007 sd uuuuuuuuuuu
008 221024s2022 xo uunu u slo
028 2 2 |a 1392131  |b SF 
040 |a SNK  |b slo  |c SNK  |e rda 
041 0 |a slo 
044 |a xo  |c SK 
100 1 |a Steinecker, Anton,  |d 1971-  |4 cmp  |9 100412 
245 1 0 |a Stille  |c Anton Steinecker 
264 1 |a Bratislava  |b Hudobný fond  |c 2022 
300 |a 1 audiodisk  |e 1 brožúra 
336 |a hraná hudba  |b prm  |2 rdacontent 
337 |a audio  |b s  |2 rdamedia 
338 |a audiodisk  |b sd  |2 rdacarrier 
999 |c 700608  |d 702538 
952 |a SNK  |b SNK  |y NEVYP  |7 1  |p 17A1514455  |o snkSCD 6074  |i snk2022/16085  |8 0  |3 Obsahuje prílohu: 1 brožúra  |z Obsahuje prílohu: 1 brožúra  |0 0  |1 0  |4 0  |d 2022-10-24  |l 0  |r 2026-02-23 20:56:03  |w 2026-02-23 
952 |a SNK  |b SNK  |y NEVYP  |7 1  |p 17A1514456  |o snkSCD 6074/príl.  |i snk2022/16085  |8 0  |z Príloha: 1 brožúra  |0 0  |1 0  |4 0  |d 2022-10-24  |l 0  |r 2026-02-23 20:56:03  |w 2026-02-23